szybkie liczenie 1-100 ale OD TYŁU - Statystyki

Ogólne statystyki
  • Ten quiz został rozwiązany 252 razy
  • Średni wynik to 38 z 100
Statystyki odpowiedzi
Odpowiedź % Poprawnych
100
100%
98
99%
99
99%
96
98%
97
98%
93
97%
94
97%
95
97%
92
94%
91
92%
90
87%
85
85%
86
85%
87
85%
88
85%
89
85%
83
84%
84
84%
82
83%
81
82%
80
76%
79
75%
78
74%
76
73%
77
73%
73
71%
74
71%
75
71%
71
70%
72
70%
70
67%
69
63%
66
62%
67
62%
68
62%
65
58%
64
54%
63
52%
62
51%
61
47%
60
46%
57
44%
58
44%
59
44%
56
40%
55
36%
54
34%
53
33%
51
29%
52
29%
50
22%
44
21%
45
21%
46
21%
47
21%
48
21%
49
21%
43
19%
42
18%
41
16%
39
15%
40
15%
38
13%
37
11%
36
9%
34
8%
35
8%
33
7%
31
6%
32
6%
25
4%
26
4%
27
4%
28
4%
29
4%
30
4%
22
3%
23
3%
24
3%
18
2%
19
2%
20
2%
21
2%
17
1%
8
1%
1
0%
10
0%
11
0%
12
0%
13
0%
14
0%
15
0%
16
0%
2
0%
3
0%
4
0%
5
0%
6
0%
7
0%
9
0%
Nie znaleziono quizów pasujących do podanych kryteriów
Rozkład punktacji
Procent ludzi z każdym wynikiem
Percentyl według liczby udzielonych odpowiedzi
Twoja historia wyników
Nie rozwiązałeś tego quizu